[Event "Zalakaros Barczay Memorial"]
[Site "Zalakaros"]
[Date "2019.05.28"]
[Round "6"]
[White "Dobai, Szabolcs"]
[Black "Vanczak, Tamas"]
[Result "0-1"]
[WhiteElo "2192"]
[BlackElo "2311"]
[PlyCount "68"]
[EventDate "2019.05.23"]
[EventType "swiss"]
[EventRounds "9"]
[EventCountry "HUN"]
[SourceTitle "CBM 190 Extra"]
[Source "ChessBase"]
[SourceDate "2019.07.15"]
[SourceVersion "1"]
[SourceVersionDate "2019.07.15"]
[SourceQuality "1"]

1. c4 e5 2. g3 Nf6 3. Bg2 c6 4. Nf3 d6 5. Nc3 Be7 6. 0-0 0-0 7. d3 Nbd7 8. a3 a5 9. Qb3 Nc5 10. Qc2 a4 11. Rb1 Bf5 12. e4 Be6 13. Be3 Nfd7 14. Nd2 f5 15. exf5 Bxf5 16. Nde4 Ne6 17. Rbd1 Bg4 18. Rde1 Kh8 19. h3 Bf3 20. Bxf3 Rxf3 21. Kg2 Qf8 22. Qe2 Rf5 23. Qd1 Qf7 24. g4 Qg6 25. Ng3 Rf7 26. Nxa4 Nf4+ 27. Bxf4 exf4 28. Nf5 Rxf5 29. Rxe7 f3+ 30. Kh2 Ne5 31. Rg1 Rf4 32. d4 Nxg4+ 33. Rxg4 Rxg4 34. hxg4 Qxg4 0-1

[Event "HUN-chT2 Maroczy 1819"]
[Site "Hungary"]
[Date "2019.01.27"]
[Round "6.9"]
[White "Dobai, Szabolcs"]
[Black "Metaxasz, Vaszilisz"]
[Result "1-0"]
[WhiteElo "2136"]
[BlackElo "1993"]
[PlyCount "63"]
[EventDate "2018.09.23"]
[EventType "team-tourn"]
[EventRounds "11"]
[EventCountry "HUN"]
[SourceTitle "EXT 2020"]
[Source "ChessBase"]
[SourceDate "2019.10.17"]
[SourceVersion "1"]
[SourceVersionDate "2019.10.17"]
[SourceQuality "1"]
[WhiteTeam "Lillafured DVTK II"]
[BlackTeam "Taban Spartacus"]
[WhiteTeamCountry "HUN"]
[BlackTeamCountry "HUN"]

1. Nf3 Nf6 2. c4 e6 3. g3 c5 4. Bg2 Nc6 5. 0-0 b6 6. e3 Bb7 7. Nc3 Be7 8. b3 0-0 9. Bb2 Rc8 10. Rc1 d5 11. Qe2 dxc4 12. bxc4 Na5 13. Rfd1 Ba6 14. Nb5 Nc6 15. d4 cxd4 16. Nfxd4 Bxb5 17. Nxc6 Qxd1+ 18. Qxd1 Bxc6 19. Bxc6 Rxc6 20. Qa4 Rc7 21. Be5 Rcc8 22. Qxa7 Bc5 23. Qa4 Ra8 24. Qc2 Nd7 25. Bd4 Ra6 26. a4 Rfa8 27. Ra1 Be7 28. Qb2 Bf8 29. Qb5 R8a7 30. Bc3 Nc5 31. a5 Nb7 32. Kg2 1-0

[Event "HUN-chT2 Maroczy 1819"]
[Site "Hungary"]
[Date "2018.10.28"]
[Round "3.10"]
[White "Pesztericz, Laszlo"]
[Black "Dobai, Szabolcs"]
[Result "0-1"]
[WhiteElo "1979"]
[BlackElo "2136"]
[PlyCount "62"]
[EventDate "2018.09.23"]
[EventType "team-tourn"]
[EventRounds "11"]
[EventCountry "HUN"]
[SourceTitle "EXT 2020"]
[Source "ChessBase"]
[SourceDate "2019.10.17"]
[SourceVersion "1"]
[SourceVersionDate "2019.10.17"]
[SourceQuality "1"]
[WhiteTeam "Budapest Vasas"]
[BlackTeam "Lillafured DVTK II"]
[WhiteTeamCountry "HUN"]
[BlackTeamCountry "HUN"]

1. e4 c6 2. d4 d5 3. Nc3 dxe4 4. Nxe4 Bf5 5. Ng3 Bg6 6. Nf3 Nd7 7. Bd3 e6 8. 0-0 Ngf6 9. Bf4 Be7 10. Qe2 0-0 11. c4 Re8 12. Rad1 Qa5 13. a3 Qa4 14. Ne5 Bxd3 15. Rxd3 Rac8 16. Ne4 Nxe4 17. Qxe4 Nf6 18. Qf3 Red8 19. g4 Nd7 20. g5 Nxe5 21. Bxe5 Qxc4 22. Rfd1 Qd5 23. Qh5 Qe4 24. h4 c5 25. Re3 Qg6 26. Qf3 Rd5 27. dxc5 Rcxc5 28. Bg3 h6 29. gxh6 Bxh4 30. Rxd5 Rxd5 31. Qf4 Bg5 0-1

[Event "HUN-chT2 Barcza 1718"]
[Site "Hungary"]
[Date "2017.12.03"]
[Round "5.5"]
[White "Dobai, Szabolcs"]
[Black "Ecsedi, Sandor"]
[Result "1-0"]
[WhiteElo "2138"]
[BlackElo "1998"]
[PlyCount "137"]
[EventDate "2017.09.24"]
[EventType "team-tourn"]
[EventRounds "11"]
[EventCountry "HUN"]
[SourceTitle "EXT 2021"]
[Source "ChessBase"]
[SourceDate "2020.10.23"]
[SourceVersion "1"]
[SourceVersionDate "2020.10.23"]
[SourceQuality "1"]
[WhiteTeam "Lillafured DVTK II"]
[BlackTeam "Hajduszoboszlo"]
[WhiteTeamCountry "HUN"]
[BlackTeamCountry "HUN"]

1. c4 e5 2. g3 Nc6 3. Nc3 g6 4. Bg2 Bg7 5. d3 f5 6. Nf3 Nf6 7. 0-0 0-0 8. Bg5 h6 9. Bxf6 Bxf6 10. Rb1 d6 11. Qd2 Bg7 12. b4 f4 13. b5 Ne7 14. Ne1 fxg3 15. hxg3 Kh7 16. a4 Nf5 17. Nc2 h5 18. e3 h4 19. Ne4 hxg3 20. fxg3 c6 21. bxc6 bxc6 22. Nb4 Bh6 23. Rfe1 Bd7 24. Kh2 Rb8 25. Nc2 Qe7 26. Rxb8 Rxb8 27. Qa5 Rb2 28. Qc3 Rb8 29. Qa3 Bf8 30. d4 Qg7 31. d5 c5 32. Rh1 Qe7 33. Kg1+ Kg8 34. Kf2 Nh6 35. Ke2 Bg4+ 36. Bf3 Bxf3+ 37. Kxf3 Qf7+ 38. Ke2 Qf5 39. Qd3 Kg7 40. Rf1 Qg4+ 41. Rf3 Nf5 42. Ne1 Rb2+ 43. Nc2 Be7 44. Qc3 Rb1 45. Nd2 Rh1 46. Kd3 Bf6 47. e4 Bg5 48. exf5 Bxd2 49. Kxd2 Rh2+ 50. Kc1 gxf5 51. Qd3 e4 52. Qc3+ Kg6 53. Re3 Rh1+ 54. Kb2 Rh7 55. Qb3 Qd1 56. Re1 Qg4 57. Re3 Qd1 58. Qb8 Rh1 59. Qxd6+ Kh5 60. Qf6 Rf1 61. Qf7+ Kg5 62. Qg7+ Kh5 63. g4+ fxg4 64. Qh7+ Kg5 65. Qxe4 Qb1+ 66. Kc3 Rc1 67. Qe7+ Kg6 68. Re6+ Kh5 69. Re5+ 1-0

[Event "HUN-chT2 Barcza 1617"]
[Site "Hungary"]
[Date "2017.02.26"]
[Round "9.3"]
[White "Dobai, Szabolcs"]
[Black "Vodila, Martin Botond"]
[Result "1/2-1/2"]
[WhiteElo "2190"]
[BlackElo "2097"]
[PlyCount "95"]
[EventDate "2016.09.25"]
[EventType "team-tourn"]
[EventRounds "11"]
[EventCountry "HUN"]
[SourceTitle "EXT 2021"]
[Source "ChessBase"]
[SourceDate "2020.10.23"]
[SourceVersion "1"]
[SourceVersionDate "2020.10.23"]
[SourceQuality "1"]
[WhiteTeam "Lillafured DVTK II"]
[BlackTeam "Edeleny"]
[WhiteTeamCountry "HUN"]
[BlackTeamCountry "HUN"]

1. c4 e5 2. g3 Nc6 3. Nc3 g6 4. Bg2 Nge7 5. e4 Bg7 6. d3 d6 7. Nge2 0-0 8. 0-0 f5 9. Rb1 a5 10. a3 Nd4 11. f3 c6 12. Nxd4 exd4 13. Ne2 Kh8 14. b4 a4 15. c5 d5 16. e5 Bxe5 17. f4 Bg7 18. Bb2 b6 19. Qc2 b5 20. Bxd4 Ng8 21. Bxg7+ Kxg7 22. Nd4 Qf6 23. Qb2 Bd7 24. Nf3 Qxb2 25. Rxb2 Nh6 26. Ne5 Rad8 27. h3 Nf7 28. Nxd7 Rxd7 29. Re2 Nd8 30. g4 Rdf7 31. g5 Rd7 32. Bf3 Kf7 33. Rfe1 Rh8 34. Kg2 Rf8 35. Kg3 Rh8 36. h4 Rg8 37. Re5 Rf8 38. h5 Rg8 39. Bd1 Rc7 40. Bf3 Rd7 41. Bg2 Rf8 42. Bh3 Rc7 43. Bxf5 gxf5 44. Rxf5+ Kg8 45. Rxf8+ Kxf8 46. f5 h6 47. g6 Re7 48. Rxe7 1/2-1/2

[Event "HUN-chT2 Barcza 1617"]
[Site "Hungary"]
[Date "2016.11.27"]
[Round "5.2"]
[White "Mate, Balazs"]
[Black "Dobai, Szabolcs"]
[Result "1-0"]
[WhiteElo "2124"]
[BlackElo "2190"]
[PlyCount "83"]
[EventDate "2016.09.25"]
[EventType "team-tourn"]
[EventRounds "11"]
[EventCountry "HUN"]
[SourceTitle "EXT 2021"]
[Source "ChessBase"]
[SourceDate "2020.10.23"]
[SourceVersion "1"]
[SourceVersionDate "2020.10.23"]
[SourceQuality "1"]
[WhiteTeam "Hajduszoboszlo"]
[BlackTeam "Lillafured DVTK II"]
[WhiteTeamCountry "HUN"]
[BlackTeamCountry "HUN"]

1. e4 g6 2. d4 Bg7 3. Nc3 d6 4. f4 Nf6 5. Nf3 c5 6. Bb5+ Bd7 7. e5 Ng4 8. h3 cxd4 9. Qxd4 Bxb5 10. Nxb5 Qa5+ 11. Qc3 Qxc3+ 12. bxc3 Nh6 13. Nc7+ Kd7 14. Nxa8 Nc6 15. Rb1 Kc8 16. Nd4 Nxd4 17. cxd4 Nf5 18. c3 h5 19. Kf2 h4 20. Bd2 Kb8 21. Nb6 axb6 22. Rxb6 Rc8 23. Rhb1 Rc7 24. R1b3 d5 25. e6 fxe6 26. Rxe6 Bf6 27. Reb6 Ka7 28. R6b5 Rd7 29. Kf3 e6 30. Be1 Nd6 31. Ra5+ Kb8 32. Kg4 Rh7 33. Ra6 Be7 34. Rxd6 Bxd6 35. Bxh4 Bxf4 36. Kxf4 Rxh4+ 37. Kg5 Re4 38. Kxg6 Re3 39. g4 Rxh3 40. g5 Kc7 41. Kf7 Kd6 42. Rb6+ 1-0

[Event "HUN-chT2 Maroczy 1516"]
[Site "Hungary"]
[Date "2015.11.08"]
[Round "2.8"]
[White "Kovacs, Klara"]
[Black "Dobai, Szabolcs"]
[Result "1-0"]
[WhiteElo "2129"]
[BlackElo "2225"]
[PlyCount "77"]
[EventDate "2015.10.18"]
[EventType "team-tourn"]
[EventRounds "9"]
[EventCountry "HUN"]
[SourceTitle "CBM 170 Extra"]
[Source "ChessBase"]
[SourceDate "2016.02.25"]
[SourceVersion "1"]
[SourceVersionDate "2016.02.25"]
[SourceQuality "1"]
[WhiteTeam "Penzugyor"]
[BlackTeam "DVTK EMSE"]
[WhiteTeamCountry "HUN"]
[BlackTeamCountry "HUN"]

1. c4 c5 2. g3 Nf6 3. Bg2 g6 4. Nc3 Bg7 5. Nf3 Nc6 6. 0-0 0-0 7. a3 d6 8. Rb1 a5 9. Ne1 Be6 10. d3 Rb8 11. Nc2 d5 12. cxd5 Nxd5 13. Ne4 b6 14. Ng5 Bc8 15. Bd2 e5 16. h4 h6 17. Ne4 Be6 18. b4 cxb4 19. axb4 f5 20. b5 Nce7 21. Nc3 Qd6 22. Qc1 Rbc8 23. Nxd5 Nxd5 24. Qa3 Rfd8 25. Qxd6 Rxd6 26. Rfc1 Ne7 27. Na3 Rdd8 28. Be3 Rd6 29. Rxc8+ Nxc8 30. Bb7 Ne7 31. Nc4 Bxc4 32. dxc4 e4 33. c5 bxc5 34. Bxc5 Rd7 35. Ba6 Bd4 36. Bxd4 Rxd4 37. b6 Rb4 38. Rxb4 axb4 39. Bb5 1-0

[Event "HUN-chT2 Barcza 1415"]
[Site "Hungary"]
[Date "2015.03.07"]
[Round "?"]
[White "Dobai, Szabolcs"]
[Black "Barnoth, Robert"]
[Result "1-0"]
[WhiteElo "2199"]
[BlackElo "1863"]
[PlyCount "47"]
[EventDate "2014.09.07"]
[EventType "team-tourn"]
[EventRounds "11"]
[EventCountry "HUN"]
[SourceTitle "EXT 2016"]
[Source "ChessBase"]
[SourceDate "2015.10.08"]
[SourceVersion "1"]
[SourceVersionDate "2015.10.08"]
[SourceQuality "1"]
[WhiteTeam "Miskolc Sakkiskola"]
[BlackTeam "Piremon"]
[WhiteTeamCountry "HUN"]
[BlackTeamCountry "HUN"]

1. d4 d5 2. c4 e6 3. Nc3 Nf6 4. cxd5 exd5 5. Bg5 Be7 6. e3 c6 7. Bd3 Be6 8. Qc2 Nbd7 9. Nge2 h6 10. Bh4 Nh5 11. Bxe7 Qxe7 12. 0-0 Nhf6 13. f3 Nb6 14. Rae1 0-0 15. e4 c5 16. e5 Ne8 17. f4 Bg4 18. Ng3 cxd4 19. Nb5 Rc8 20. Qf2 Bd7 21. Nxd4 Nc7 22. Ngf5 Bxf5 23. Nxf5 Qb4 24. Qg3 1-0

[Event "Borsod-chT2 1415"]
[Site "Hungary"]
[Date "2015.02.22"]
[Round "6.2"]
[White "Dobai, Szabolcs"]
[Black "Szilvasi, Marcell"]
[Result "1-0"]
[WhiteElo "2199"]
[BlackElo "1874"]
[PlyCount "107"]
[EventDate "2014.09.28"]
[EventType "team-tourn"]
[EventRounds "7"]
[EventCountry "HUN"]
[SourceTitle "EXT 2016"]
[Source "ChessBase"]
[SourceDate "2015.10.08"]
[SourceVersion "1"]
[SourceVersionDate "2015.10.08"]
[SourceQuality "1"]
[WhiteTeam "DVTK EMSE II"]
[BlackTeam "Encs"]
[WhiteTeamCountry "HUN"]
[BlackTeamCountry "HUN"]

1. d4 d5 2. c4 e6 3. Nc3 Nf6 4. cxd5 exd5 5. Bg5 Be7 6. e3 c6 7. Bd3 Be6 8. Qc2 h6 9. Bh4 Nbd7 10. Nf3 Qc7 11. a3 Bd6 12. Bg3 Bxg3 13. hxg3 Rc8 14. 0-0 c5 15. dxc5 Nxc5 16. Rac1 0-0 17. Ne2 Qb6 18. b4 Nce4 19. Qb2 Nd6 20. Qd4 Nd7 21. Nf4 Rfe8 22. Rfd1 Qxd4 23. Nxd4 Nb6 24. Rxc8 Ndxc8 25. Rc1 Nd6 26. Rc7 Kf8 27. Nb5 Re7 28. Rc1 Ndc4 29. Nd4 Ke8 30. Ra1 g5 31. Nfe2 Ne5 32. Bb5+ Kd8 33. Nc1 Nec4 34. Nd3 a6 35. Bxc4 dxc4 36. Nc5 Bc8 37. Rc1 Rc7 38. e4 Na8 39. e5 b6 40. Ne4 Bb7 41. Nd6 Bd5 42. b5 axb5 43. N4xb5 Rc5 44. a4 Kd7 45. f4 f6 46. exf6 Nc7 47. f7 Ne6 48. Re1 Nf8 49. Nf5 Bxf7 50. Re7+ Kd8 51. Rxf7 Ne6 52. Nfd6 c3 53. Nb7+ Ke8 54. N5d6# 1-0

[Event "HUN-chT2 Barcza 1415"]
[Site "Hungary"]
[Date "2014.11.16"]
[Round "?"]
[White "Juhasz, Mihaly"]
[Black "Dobai, Szabolcs"]
[Result "0-1"]
[WhiteElo "2003"]
[BlackElo "2199"]
[PlyCount "90"]
[EventDate "2014.09.07"]
[EventType "team-tourn"]
[EventRounds "11"]
[EventCountry "HUN"]
[SourceTitle "EXT 2016"]
[Source "ChessBase"]
[SourceDate "2015.10.08"]
[SourceVersion "1"]
[SourceVersionDate "2015.10.08"]
[SourceQuality "1"]
[WhiteTeam "Debrecen Sakkiskola"]
[BlackTeam "Miskolc Sakkiskola"]
[WhiteTeamCountry "HUN"]
[BlackTeamCountry "HUN"]

1. e4 d6 2. d4 Nf6 3. Nc3 g6 4. f4 Bg7 5. Nf3 c5 6. dxc5 Qa5 7. Qd3 Qxc5 8. Be3 Qb4 9. Qb5+ Nc6 10. Qxb4 Nxb4 11. Bd3 0-0 12. h3 b6 13. 0-0-0 Bb7 14. a3 Nc6 15. Rhf1 Rfc8 16. Nd2 Nd7 17. Ne2 a6 18. c3 b5 19. Kb1 Rab8 20. Nb3 Ba8 21. Ned4 Nb6 22. Nxc6 Bxc6 23. Bxb6 Rxb6 24. Rf2 Bd7 25. Bc2 Be6 26. Nd4 Bc4 27. Nf3 a5 28. Bd3 Be6 29. Nd4 Bd7 30. Nc2 Be6 31. Nd4 Bc4 32. Nc2 e6 33. g3 Kf8 34. Bxc4 Rxc4 35. Re2 Ke7 36. Ne1 b4 37. cxb4 axb4 38. Nc2 bxa3 39. Nxa3 Rc3 40. Rc1 Rxa3 41. Rc7+ Kd8 42. Rxf7 Bd4 43. Rxh7 Rxg3 44. f5 gxf5 45. exf5 exf5 0-1

[Event "HUN-chT2 Barcza 1415"]
[Site "Hungary"]
[Date "2014.10.12"]
[Round "?"]
[White "Dobai, Szabolcs"]
[Black "Gorbe, Szabolcs"]
[Result "1-0"]
[WhiteElo "2199"]
[BlackElo "1906"]
[PlyCount "87"]
[EventDate "2014.09.07"]
[EventType "team-tourn"]
[EventRounds "11"]
[EventCountry "HUN"]
[SourceTitle "EXT 2016"]
[Source "ChessBase"]
[SourceDate "2015.10.08"]
[SourceVersion "1"]
[SourceVersionDate "2015.10.08"]
[SourceQuality "1"]
[WhiteTeam "Miskolc Sakkiskola"]
[BlackTeam "Nyiregyhaza"]
[WhiteTeamCountry "HUN"]
[BlackTeamCountry "HUN"]

1. d4 d5 2. c4 c6 3. Nc3 Nf6 4. cxd5 cxd5 5. Bf4 Nc6 6. e3 e6 7. Bd3 Bd6 8. Bxd6 Qxd6 9. f4 0-0 10. Nf3 a6 11. 0-0 b5 12. Qe2 Bb7 13. Ne5 Nb4 14. Bb1 Rfc8 15. a3 Nc6 16. g4 Na5 17. Qg2 Nb3 18. g5 Ne4 19. Bxe4 dxe4 20. Rad1 Na5 21. f5 exf5 22. Rxf5 Rc7 23. Rdf1 Rf8 24. Rf6 Qd8 25. h4 Nc4 26. Nxc4 bxc4 27. h5 Kh8 28. R6f4 Re7 29. g6 Bd5 30. Qg5 Rd7 31. Qg3 h6 32. gxf7 Qg5 33. Rg4 Qxh5 34. Rxg7 Rdxf7 35. Rfxf7 Bxf7 36. Rg4 Rg8 37. Rxg8+ Bxg8 38. Qe5+ Qxe5 39. dxe5 Bh7 40. Nd5 Bf5 41. Nc7 Kg7 42. Nxa6 Kf7 43. Nc5 Ke7 44. Kg2 1-0

[Event "HUN-chT2 Barcza 1415"]
[Site "Hungary"]
[Date "2014.09.07"]
[Round "?"]
[White "Dobai, Szabolcs"]
[Black "Mate, Balazs"]
[Result "1-0"]
[WhiteElo "2199"]
[BlackElo "2125"]
[PlyCount "125"]
[EventDate "2014.09.07"]
[EventType "team-tourn"]
[EventRounds "11"]
[EventCountry "HUN"]
[SourceTitle "EXT 2016"]
[Source "ChessBase"]
[SourceDate "2015.10.08"]
[SourceVersion "1"]
[SourceVersionDate "2015.10.08"]
[SourceQuality "1"]
[WhiteTeam "Miskolc Sakkiskola"]
[BlackTeam "Hajduszoboszlo"]
[WhiteTeamCountry "HUN"]
[BlackTeamCountry "HUN"]

1. c4 Nf6 2. g3 c5 3. Bg2 Nc6 4. Nf3 e5 5. Nc3 d6 6. 0-0 Be7 7. a3 0-0 8. Rb1 a5 9. d3 d5 10. cxd5 Nxd5 11. Nxe5 Nxc3 12. Nxc6 Nxd1 13. Nxd8 Nxf2 14. Nxf7 Nxd3 15. exd3 Rxf7 16. Bd5 Bf6 17. Be3 Bh3 18. Rf2 Rd8 19. Bxf7+ Kxf7 20. Rd1 b6 21. Bg5 Kg6 22. Bxf6 gxf6 23. Rf4 Rd6 24. Kf2 h5 25. b4 cxb4 26. axb4 a4 27. b5 Be6 28. Ke3 a3 29. Rd4 Rxd4 30. Kxd4 a2 31. Kc3 Kf5 32. Kb2 Ke5 33. Re1+ Kd6 34. Rc1 Bd5 35. Rc8 f5 36. Rh8 Bf7 37. Rh6+ Kc5 38. Rf6 Be8 39. Rxf5+ Kd4 40. Kxa2 Kxd3 41. Kb3 Ke4 42. Rg5 Kf3 43. Kc4 Kg2 44. h4 Kf3 45. Kd4 Kf2 46. Ke4 Kg2 47. Kf4 Kh3 48. Kf3 Bd7 49. Kf2 Be8 50. Kf3 Bd7 51. Kf4 Be8 52. Re5 Bf7 53. Re3 Bc4 54. Kg5 Bxb5 55. g4+ Kg2 56. Kxh5 Bc4 57. g5 b5 58. g6 Kf2 59. Rc3 Be6 60. Kg5 b4 61. Rc6 Bd5 62. Rb6 b3 63. h5 1-0

[Event "HUN-chT2 Barcza 1213"]
[Site "Hungary"]
[Date "2012.11.18"]
[Round "4.3"]
[White "Dobai, Szabolcs"]
[Black "Bakos, Levente"]
[Result "1-0"]
[WhiteElo "2178"]
[BlackElo "2153"]
[PlyCount "91"]
[EventDate "2012.09.16"]
[EventType "team-tourn"]
[EventRounds "11"]
[EventCountry "HUN"]
[SourceTitle "EXT 2014"]
[Source "ChessBase"]
[SourceDate "2013.11.20"]
[SourceVersion "1"]
[SourceVersionDate "2013.11.20"]
[SourceQuality "1"]
[WhiteTeam "Miskolc EMSE"]
[BlackTeam "DEAC"]
[WhiteTeamCountry "HUN"]
[BlackTeamCountry "HUN"]

1. c4 e6 2. d4 d5 3. Nf3 c5 4. cxd5 exd5 5. g3 Nc6 6. Bg2 Nf6 7. 0-0 Be7 8. Nc3 0-0 9. dxc5 Bxc5 10. Na4 Be7 11. Be3 Bg4 12. Nd4 Qa5 13. b3 Rac8 14. h3 Bh5 15. g4 Bg6 16. Nxc6 bxc6 17. Rc1 Ba3 18. Bc5 Bxc1 19. Bxf8 Bf4 20. Bc5 Nd7 21. Bd4 Nb6 22. Bc3 Qb5 23. Qd4 Bh6 24. Nc5 f6 25. f4 Rc7 26. Rf2 Nc8 27. h4 Nd6 28. Qb4 Bxf4 29. Rxf4 Qxe2 30. Qb8+ Ne8 31. Qb4 Qxa2 32. g5 Qe2 33. gxf6 gxf6 34. Qd4 Re7 35. Rf2 Qe5 36. Bh3 Qg3+ 37. Bg2 Qe5 38. Rf3 Qxd4+ 39. Bxd4 f5 40. Rg3 Kf7 41. Bf3 Nf6 42. Nd3 Ne4 43. Rg2 Ke6 44. Nf4+ Kd7 45. b4 Be8 46. Bxa7 1-0

[Event "HUN-chT2 Barcza 1213"]
[Site "Hungary"]
[Date "2012.11.04"]
[Round "3.3"]
[White "Toth, Levente"]
[Black "Dobai, Szabolcs"]
[Result "0-1"]
[WhiteElo "2020"]
[BlackElo "2178"]
[PlyCount "82"]
[EventDate "2012.09.16"]
[EventType "team-tourn"]
[EventRounds "11"]
[EventCountry "HUN"]
[SourceTitle "EXT 2014"]
[Source "ChessBase"]
[SourceDate "2013.11.20"]
[SourceVersion "1"]
[SourceVersionDate "2013.11.20"]
[SourceQuality "1"]
[WhiteTeam "Piremon"]
[BlackTeam "Miskolc EMSE"]
[WhiteTeamCountry "HUN"]
[BlackTeamCountry "HUN"]

1. d4 Nf6 2. c4 e6 3. Nf3 c5 4. d5 exd5 5. cxd5 d6 6. Nc3 g6 7. g3 Bg7 8. Bg2 0-0 9. 0-0 Re8 10. Nd2 b6 11. a4 Ba6 12. Nb5 Bxb5 13. axb5 Nbd7 14. Re1 Re7 15. e4 Qc7 16. Ra4 Rae8 17. Qb3 Ng4 18. h3 Ngf6 19. Re3 Nh5 20. Qa2 a5 21. Nc4 Bd4 22. Rd3 f5 23. g4 fxe4 24. Rd1 Nhf6 25. Bf4 Be5 26. Nxe5 Nxe5 27. Bg5 Rf7 28. Bxf6 Rxf6 29. Rxe4 Ref8 30. Rf1 Nf3+ 31. Bxf3 Rxf3 32. Re3 Qf7 33. Rxf3 Qxf3 34. Kh2 Qd3 35. Qb1 Rf3 36. Qxd3 Rxd3 37. Re1 Kf7 38. Re3 Rxe3 39. fxe3 c4 40. Kg3 a4 41. Kf2 c3 0-1

[Event "HUN-chT2 Barcza 1213"]
[Site "Hungary"]
[Date "2012.09.16"]
[Round "1.3"]
[White "Dobai, Szabolcs"]
[Black "Lengyel, Ferenc"]
[Result "1/2-1/2"]
[WhiteElo "2178"]
[BlackElo "2258"]
[PlyCount "83"]
[EventDate "2012.09.16"]
[EventType "team-tourn"]
[EventRounds "11"]
[EventCountry "HUN"]
[SourceTitle "EXT 2014"]
[Source "ChessBase"]
[SourceDate "2013.11.20"]
[SourceVersion "1"]
[SourceVersionDate "2013.11.20"]
[SourceQuality "1"]
[WhiteTeam "Miskolc EMSE"]
[BlackTeam "Debrecen Sakkiskola"]
[WhiteTeamCountry "HUN"]
[BlackTeamCountry "HUN"]

1. c4 e5 2. g3 Nc6 3. Nc3 Nf6 4. Bg2 Bc5 5. Nf3 d6 6. 0-0 0-0 7. d3 h6 8. a3 a5 9. b3 Be6 10. Bb2 Qd7 11. e3 Bh3 12. d4 exd4 13. Nd5 Nxd5 14. cxd5 Ne7 15. Bxh3 Qxh3 16. Bxd4 Bxd4 17. Nxd4 Nxd5 18. e4 Nf6 19. f3 Rfe8 20. Rc1 c6 21. Nf5 d5 22. Nd6 Re5 23. Nxb7 Rh5 24. Qe2 dxe4 25. fxe4 Nxe4 26. Rf3 Ng5 27. Rf2 Ne6 28. Nd6 Rf8 29. Qe3 c5 30. Rcf1 Ng5 31. Nf5 Qg4 32. Ne7+ Kh7 33. Qd3+ Qe4 34. Qxe4+ Nxe4 35. Rxf7 Rxf7 36. Rxf7 Nd2 37. Kg2 Re5 38. g4 Nxb3 39. Nf5 Kh8 40. Rf8+ Kh7 41. Rf7 Kh8 42. Rf8+ 1/2-1/2

[Event "HUN-chT2 Maroczy 1112"]
[Site "Hungary"]
[Date "2012.04.22"]
[Round "9"]
[White "Kiss, Pal"]
[Black "Dobai, Szabolcs"]
[Result "1-0"]
[WhiteElo "2362"]
[BlackElo "2181"]
[PlyCount "31"]
[EventDate "2011.09.25"]
[EventType "team-tourn"]
[EventRounds "11"]
[EventCountry "HUN"]
[SourceTitle "EXT 2013"]
[Source "ChessBase"]
[SourceDate "2012.11.22"]
[SourceVersion "1"]
[SourceVersionDate "2012.11.22"]
[SourceQuality "1"]
[WhiteTeam "Fuezesabony"]
[BlackTeam "Miskolc EMSE"]
[WhiteTeamCountry "HUN"]
[BlackTeamCountry "HUN"]

1. d4 Nf6 2. c4 e6 3. Nf3 c5 4. e3 cxd4 5. exd4 d5 6. a3 Be7 7. Bd3 dxc4 8. Bxc4 0-0 9. 0-0 Qc7 10. Ba2 b6 11. Nc3 Bb7 12. Re1 a6 13. Bg5 Qd8 14. Qd3 Nbd7 15. Rad1 Nd5 16. Bxd5 1-0

[Event "HUN-chT2 Maroczy 1112"]
[Site "Hungary"]
[Date "2012.02.19"]
[Round "6"]
[White "Dobai, Szabolcs"]
[Black "Hajbok, Robert"]
[Result "1-0"]
[WhiteElo "2181"]
[BlackElo "2272"]
[PlyCount "111"]
[EventDate "2011.09.25"]
[EventType "team-tourn"]
[EventRounds "11"]
[EventCountry "HUN"]
[SourceTitle "EXT 2013"]
[Source "ChessBase"]
[SourceDate "2012.11.22"]
[SourceVersion "1"]
[SourceVersionDate "2012.11.22"]
[SourceQuality "1"]
[WhiteTeam "Miskolc EMSE"]
[BlackTeam "Nyiregyhaza"]
[WhiteTeamCountry "HUN"]
[BlackTeamCountry "HUN"]

1. c4 Nf6 2. g3 c6 3. Bg2 d5 4. Nf3 Bf5 5. cxd5 Nxd5 6. 0-0 e6 7. d3 Bg6 8. a3 Be7 9. Qc2 Nd7 10. Nbd2 0-0 11. Rb1 c5 12. b3 Rc8 13. Bb2 b5 14. e4 N5b6 15. Rbc1 Bf6 16. Qb1 Qe7 17. e5 Bg5 18. Nxg5 Qxg5 19. f4 Qe7 20. Ne4 c4 21. b4 cxd3 22. Qxd3 Nc4 23. Qd4 Bxe4 24. Bxe4 Ndb6 25. Rc2 Na4 26. Bc1 Rfd8 27. Qf2 Qd7 28. Qf3 Ncb6 29. f5 Rxc2 30. Bxc2 Qd4+ 31. Qe3 Nc4 32. Qxd4 Rxd4 33. fxe6 fxe6 34. Re1 Nc3 35. Be3 Nxe3 36. Rxe3 Nd5 37. Rd3 Rc4 38. Bb3 Rc1+ 39. Kf2 Ra1 40. Bxd5 exd5 41. Rxd5 Rxa3 42. Rxb5 Kf7 43. Rb7+ Kg6 44. e6 Ra2+ 45. Kf3 h5 46. h4 Ra3+ 47. Kf4 Kf6 48. e7 Kf7 49. e8Q+ Kxe8 50. Rxg7 Ra4 51. Kg5 Rxb4 52. Kxh5 a5 53. Ra7 Ra4 54. g4 Ra1 55. g5 a4 56. Kg6 1-0

[Event "HUN-chT2 Maroczy 1011"]
[Site "Hungary"]
[Date "2011.04.17"]
[Round "9"]
[White "Somogyi, Istvan"]
[Black "Dobai, Szabolcs"]
[Result "1-0"]
[WhiteElo "2176"]
[BlackElo "2206"]
[PlyCount "143"]
[EventDate "2010.09.12"]
[EventType "team-tourn"]
[EventRounds "11"]
[EventCountry "HUN"]
[SourceTitle "EXT 2012"]
[Source "ChessBase"]
[SourceDate "2011.11.24"]
[SourceVersion "1"]
[SourceVersionDate "2011.11.24"]
[SourceQuality "1"]
[WhiteTeam "MLTC II"]
[BlackTeam "Miskolc EMSE"]
[WhiteTeamCountry "HUN"]
[BlackTeamCountry "HUN"]

1. d4 Nf6 2. c4 e6 3. Nf3 c5 4. e3 cxd4 5. exd4 d5 6. Nc3 Bb4 7. Bd3 dxc4 8. Bxc4 0-0 9. 0-0 Qc7 10. Qe2 Nbd7 11. Bd2 a6 12. Rac1 Qb8 13. Bd3 b5 14. Ne5 Bb7 15. Nxd7 Nxd7 16. Qh5 Nf6 17. Qh4 Re8 18. Bg5 Be7 19. Bxh7+ Nxh7 20. Bxe7 Bxg2 21. Rfe1 Qb7 22. Bd6 Bh1 23. Ne4 Bxe4 24. Qxe4 Qxe4 25. Rxe4 Nf6 26. Re2 Nd5 27. Rc6 Rec8 28. Rec2 Rxc6 29. Rxc6 f6 30. a3 Kf7 31. Kf1 Kg6 32. Ke2 Kf5 33. Kf3 g5 34. h3 Rh8 35. Rxa6 Rxh3+ 36. Bg3 Rh7 37. Ra5 Rb7 38. Ra8 g4+ 39. Kg2 Ke4 40. Rg8 f5 41. Be5 Rb6 42. Rc8 Ne7 43. Rc5 Nd5 44. Rc8 f4 45. Rg8 Rc6 46. Rxg4 Rc2 47. Bxf4 Kxd4 48. Kg3 Kd3 49. Be5 Ne7 50. Rb4 Rc5 51. f4 Nc6 52. Rb3+ Ke4 53. Rc3 Rxc3+ 54. Bxc3 Ne7 55. Kg4 Nd5 56. Be5 Ne3+ 57. Kg5 Nc4 58. Bc3 Kd5 59. Kf6 Nd6 60. Ke7 Nc4 61. Kd7 Nb6+ 62. Kc7 Na4 63. Be5 Nc5 64. Kb6 Kc4 65. Kc6 Nd3 66. Kd6 Kb3 67. Kxe6 Nxf4+ 68. Bxf4 Kxb2 69. Bd6 Kb3 70. Kd5 Ka4 71. Kc6 Ka5 72. Kb7 1-0